000 01060nam a2200253 a 4500
001 000023504
005 20241010113235.0
008 101210s1974 ag 000 0 spa d
040 _aDO-SdBNP
_bspa
_cBNPHU
082 _a371.3
_bS642c
100 1 _aSmith, Lee L.
_948440
240 1 0 _aTeaching in a nongraded school.
_lEspañol
245 1 0 _aCómo enseñar en la escuela sin grados /
_cLee L. Smith ; prefacio Frank Brown ; traducción Antonio H. Soto y Nuria Cortada de Kohan.
260 _aBuenos Aires, Argentina :
_bEditorial Ángel Estrada y Cía ;
_bCentro Regional de Ayuda Técnica. Agencia para el Desarrollo Internacional,
_c1974.
300 _a330 p. :
_bil. ;
_c19 cm.
490 1 _aBiblioteca de Ciencias de la Educación
650 4 _aModelos de enseñanza
_910348
650 4 _aTécnicas de enseñanza
_917690
650 0 _aPedagogía
_9693
700 1 _aBrown, Frank,
_epról.
_948441
700 1 _aSoto, Antonio H.,
_etr.
_948442
700 1 _aCortada de Kohan, Nuria,
_etr.
_948010
830 0 _aBiblioteca de Ciencias de la Educación
_948443
999 _c23000
_d23000